<?xml version="1.0" encoding="UTF-8"?>
<record
    xmlns:xsi="http://www.w3.org/2001/XMLSchema-instance"
    xsi:schemaLocation="http://www.loc.gov/MARC21/slim http://www.loc.gov/standards/marcxml/schema/MARC21slim.xsd"
    xmlns="http://www.loc.gov/MARC21/slim">

  <leader>00504    a2200169   4500</leader>
  <controlfield tag="005">20250516060725.0</controlfield>
  <datafield tag="020" ind1=" " ind2=" ">
    <subfield code="a">0-07-304018-5</subfield>
  </datafield>
  <datafield tag="082" ind1=" " ind2=" ">
    <subfield code="a">515 HOF</subfield>
  </datafield>
  <datafield tag="100" ind1=" " ind2=" ">
    <subfield code="a">HOFFMANN, L. D.</subfield>
  </datafield>
  <datafield tag="245" ind1=" " ind2=" ">
    <subfield code="a">Calculus: For Business, Economics, and The Social and Life Sciences.</subfield>
  </datafield>
  <datafield tag="250" ind1=" " ind2=" ">
    <subfield code="a">7th Ed.</subfield>
  </datafield>
  <datafield tag="260" ind1=" " ind2=" ">
    <subfield code="a">New York,</subfield>
    <subfield code="b">Mcgraw- Hill  ,Inc,</subfield>
    <subfield code="c">2000.</subfield>
  </datafield>
  <datafield tag="300" ind1=" " ind2=" ">
    <subfield code="a">xxi,723p.: Ill.; figures.</subfield>
    <subfield code="b">Index.</subfield>
    <subfield code="c">23cm.</subfield>
  </datafield>
  <datafield tag="700" ind1=" " ind2=" ">
    <subfield code="a">GERALD, L. B.</subfield>
  </datafield>
  <datafield tag="856" ind1=" " ind2=" ">
    <subfield code="y">Access Online Book.</subfield>
    <subfield code="f">Calculus.</subfield>
    <subfield code="d">www.mhhe.com</subfield>
  </datafield>
  <datafield tag="942" ind1=" " ind2=" ">
    <subfield code="2">ddc</subfield>
    <subfield code="c">BKS</subfield>
  </datafield>
  <datafield tag="999" ind1=" " ind2=" ">
    <subfield code="c">1021</subfield>
    <subfield code="d">1021</subfield>
  </datafield>
  <datafield tag="952" ind1=" " ind2=" ">
    <subfield code="r">2025-03-20 05:46:15</subfield>
    <subfield code="l">0</subfield>
    <subfield code="o">515 HOF</subfield>
    <subfield code="p">0000003930</subfield>
    <subfield code="v">75000.00</subfield>
    <subfield code="w">2025-03-20</subfield>
    <subfield code="y">BKS</subfield>
    <subfield code="1">0</subfield>
    <subfield code="2">ddc</subfield>
    <subfield code="4">0</subfield>
    <subfield code="7">0</subfield>
    <subfield code="0">0</subfield>
    <subfield code="a">CBEML</subfield>
    <subfield code="b">CBEML</subfield>
    <subfield code="c">GEN</subfield>
    <subfield code="d">2025-03-20</subfield>
    <subfield code="g">25000.00</subfield>
  </datafield>
  <datafield tag="952" ind1=" " ind2=" ">
    <subfield code="r">2025-03-20 05:46:15</subfield>
    <subfield code="l">0</subfield>
    <subfield code="o">515 HOF</subfield>
    <subfield code="p">0000003931</subfield>
    <subfield code="v">75000.00</subfield>
    <subfield code="w">2025-03-20</subfield>
    <subfield code="y">BKS</subfield>
    <subfield code="1">0</subfield>
    <subfield code="2">ddc</subfield>
    <subfield code="4">0</subfield>
    <subfield code="7">0</subfield>
    <subfield code="0">0</subfield>
    <subfield code="a">CBEML</subfield>
    <subfield code="b">CBEML</subfield>
    <subfield code="c">GEN</subfield>
    <subfield code="d">2025-03-20</subfield>
    <subfield code="g">25000.00</subfield>
  </datafield>
  <datafield tag="952" ind1=" " ind2=" ">
    <subfield code="r">2025-03-20 05:46:15</subfield>
    <subfield code="l">0</subfield>
    <subfield code="o">515 HOF</subfield>
    <subfield code="p">0000003932</subfield>
    <subfield code="v">75000.00</subfield>
    <subfield code="w">2025-03-20</subfield>
    <subfield code="y">BKS</subfield>
    <subfield code="1">0</subfield>
    <subfield code="2">ddc</subfield>
    <subfield code="4">0</subfield>
    <subfield code="7">0</subfield>
    <subfield code="0">0</subfield>
    <subfield code="a">CBEML</subfield>
    <subfield code="b">CBEML</subfield>
    <subfield code="c">GEN</subfield>
    <subfield code="d">2025-03-20</subfield>
    <subfield code="g">25000.00</subfield>
  </datafield>
  <datafield tag="952" ind1=" " ind2=" ">
    <subfield code="r">2025-03-20 05:46:15</subfield>
    <subfield code="l">0</subfield>
    <subfield code="o">515 HOF</subfield>
    <subfield code="p">0000003933</subfield>
    <subfield code="v">75000.00</subfield>
    <subfield code="w">2025-03-20</subfield>
    <subfield code="y">BKS</subfield>
    <subfield code="1">0</subfield>
    <subfield code="2">ddc</subfield>
    <subfield code="4">0</subfield>
    <subfield code="7">0</subfield>
    <subfield code="0">0</subfield>
    <subfield code="a">CBEML</subfield>
    <subfield code="b">CBEML</subfield>
    <subfield code="c">GEN</subfield>
    <subfield code="d">2025-03-20</subfield>
    <subfield code="g">25000.00</subfield>
  </datafield>
  <datafield tag="952" ind1=" " ind2=" ">
    <subfield code="r">2025-03-20 05:46:15</subfield>
    <subfield code="l">0</subfield>
    <subfield code="o">515 HOF</subfield>
    <subfield code="p">0000003934</subfield>
    <subfield code="v">75000.00</subfield>
    <subfield code="w">2025-03-20</subfield>
    <subfield code="y">BKS</subfield>
    <subfield code="1">0</subfield>
    <subfield code="2">ddc</subfield>
    <subfield code="4">0</subfield>
    <subfield code="7">0</subfield>
    <subfield code="0">0</subfield>
    <subfield code="a">CBEML</subfield>
    <subfield code="b">CBEML</subfield>
    <subfield code="c">GEN</subfield>
    <subfield code="d">2025-03-20</subfield>
    <subfield code="g">25000.00</subfield>
  </datafield>
  <datafield tag="952" ind1=" " ind2=" ">
    <subfield code="r">2025-03-20 05:46:15</subfield>
    <subfield code="l">0</subfield>
    <subfield code="o">515 HOF</subfield>
    <subfield code="p">0000003935</subfield>
    <subfield code="v">75000.00</subfield>
    <subfield code="w">2025-03-20</subfield>
    <subfield code="y">BKS</subfield>
    <subfield code="1">0</subfield>
    <subfield code="2">ddc</subfield>
    <subfield code="4">0</subfield>
    <subfield code="7">0</subfield>
    <subfield code="0">0</subfield>
    <subfield code="a">CBEML</subfield>
    <subfield code="b">CBEML</subfield>
    <subfield code="c">GEN</subfield>
    <subfield code="d">2025-03-20</subfield>
    <subfield code="g">25000.00</subfield>
  </datafield>
  <datafield tag="952" ind1=" " ind2=" ">
    <subfield code="r">2025-03-20 05:46:15</subfield>
    <subfield code="l">0</subfield>
    <subfield code="o">515 HOF</subfield>
    <subfield code="p">0000003936</subfield>
    <subfield code="v">75000.00</subfield>
    <subfield code="w">2025-03-20</subfield>
    <subfield code="y">BKS</subfield>
    <subfield code="1">0</subfield>
    <subfield code="2">ddc</subfield>
    <subfield code="4">0</subfield>
    <subfield code="7">0</subfield>
    <subfield code="0">0</subfield>
    <subfield code="a">CBEML</subfield>
    <subfield code="b">CBEML</subfield>
    <subfield code="c">GEN</subfield>
    <subfield code="d">2025-03-20</subfield>
    <subfield code="g">25000.00</subfield>
  </datafield>
  <datafield tag="952" ind1=" " ind2=" ">
    <subfield code="r">2025-03-20 05:46:15</subfield>
    <subfield code="l">0</subfield>
    <subfield code="o">515 HOF</subfield>
    <subfield code="p">0000003937</subfield>
    <subfield code="v">75000.00</subfield>
    <subfield code="w">2025-03-20</subfield>
    <subfield code="y">BKS</subfield>
    <subfield code="1">0</subfield>
    <subfield code="2">ddc</subfield>
    <subfield code="4">0</subfield>
    <subfield code="7">0</subfield>
    <subfield code="0">0</subfield>
    <subfield code="a">CBEML</subfield>
    <subfield code="b">CBEML</subfield>
    <subfield code="c">GEN</subfield>
    <subfield code="d">2025-03-20</subfield>
    <subfield code="g">25000.00</subfield>
  </datafield>
  <datafield tag="952" ind1=" " ind2=" ">
    <subfield code="r">2025-05-08 10:25:09</subfield>
    <subfield code="l">0</subfield>
    <subfield code="o">LECT 515 HOF</subfield>
    <subfield code="p">0000008423</subfield>
    <subfield code="v">75000.00</subfield>
    <subfield code="w">2025-05-08</subfield>
    <subfield code="y">BKS</subfield>
    <subfield code="1">0</subfield>
    <subfield code="2">ddc</subfield>
    <subfield code="4">0</subfield>
    <subfield code="7">0</subfield>
    <subfield code="0">0</subfield>
    <subfield code="a">CBEML</subfield>
    <subfield code="b">CBEML</subfield>
    <subfield code="c">GEN</subfield>
    <subfield code="d">2025-05-08</subfield>
    <subfield code="g">25000.00</subfield>
  </datafield>
  <datafield tag="952" ind1=" " ind2=" ">
    <subfield code="r">2025-05-08 10:25:09</subfield>
    <subfield code="l">0</subfield>
    <subfield code="o">LECT 515 HOF</subfield>
    <subfield code="p">0000008424</subfield>
    <subfield code="v">75000.00</subfield>
    <subfield code="w">2025-05-08</subfield>
    <subfield code="y">BKS</subfield>
    <subfield code="1">0</subfield>
    <subfield code="2">ddc</subfield>
    <subfield code="4">0</subfield>
    <subfield code="7">0</subfield>
    <subfield code="0">0</subfield>
    <subfield code="a">CBEML</subfield>
    <subfield code="b">CBEML</subfield>
    <subfield code="c">GEN</subfield>
    <subfield code="d">2025-05-08</subfield>
    <subfield code="g">25000.00</subfield>
  </datafield>
</record>
